Annual report, 2017-18 (Record no. 513010)

000 -LEADER
fixed length control field 00381cam a22001337a 4500
008 - FIXED-LENGTH DATA ELEMENTS--GENERAL INFORMATION
fixed length control field 180718b-- xxu||||| |||| 00| 0 eng d
082 ## - DEWEY DECIMAL CLASSIFICATION NUMBER
Classification number A45:J4/2017-18
100 ## - MAIN ENTRY--PERSONAL NAME
Personal name United Nations Centre for Regional Development
9 (RLIN) 15229
245 ## - TITLE STATEMENT
Title Annual report, 2017-18
260 ## - PUBLICATION, DISTRIBUTION, ETC. (IMPRINT)
Place of publication, distribution, etc Nagoya
Name of publisher, distributor, etc The author
Date of publication, distribution, etc 2018
300 ## - PHYSICAL DESCRIPTION
Extent 49p.
500 ## - GENERAL NOTE
General note Library has 2000, 2010-2011,2017-18
942 ## - ADDED ENTRY ELEMENTS (KOHA)
Source of classification or shelving scheme
Holdings
Withdrawn status Lost status Source of classification or shelving scheme Damaged status Koha normalized classification for sorting Not for loan Permanent location Current location Date acquired Full call number Barcode Date last seen Price effective from Koha item type
        A_45J4_201718   Indian Institute of Public Administration Indian Institute of Public Administration 2020-01-08 A45:J4/2017-18 gg34769 2020-01-08 2020-01-08 GG

Powered by Koha